Entry Personal Name
Number of records used in: 2
001 - CONTROL NUMBER
003 - CONTROL NUMBER IDENTIFIER
005 - DATE AND TIME OF LATEST TRANSACTION
- control field:
20220120112628.0
008 - FIXED-LENGTH DATA ELEMENTS
- fixed length control field:
220120|| aca||aabn | a|a d
040 ## - CATALOGING SOURCE
- Original cataloging agency:
OSt
- Transcribing agency:
OSt
100 ## - HEADING--PERSONAL NAME
- Personal name:
KOSHI, DR. RACHEL
670 ## - SOURCE DATA FOUND
- Source citation:
Work cat.: (OSt): KOSHI, DR. RACHEL, CUNNINGHAM'S MANUAL OF PRACTICAL ANATOMY: [UPPER AND LOWER LIMBS], 2017